La réponse est Par... - Statistiques

Statistiques générales
  • Ce quiz a été pris 1 282 fois
  • Le résultat moyen est 13 sur 20
Statistiques - réponses
Indice Réponse % Correct
Nom français donné au parmigiano reggiano Le parmesan
97%
En mathématiques, qualifie deux droites qui ne se rencontrent jamais Parallèles
93%
Pays ayant pour monnaie officielle le guaraní Le Paraguay
90%
Mammifère le plus lent du monde Le paresseux
88%
Temple grec dédié à la déesse Athéna et situé sur l'Acropole d'Athènes Le Parthénon
86%
Médecin britannique qui à laissé son nom à une maladie dégénérative du système nerveux qui affecte le mouvement Parkinson
83%
Strasbourg en est le siège officiel Le Parlement européen
82%
Série de films de Francis Ford Coppola dont le titre original est The Godfather Le Parrain
81%
Il est nécessaire pour la réconciliation Le pardon
78%
Peau d'animal spécialement préparée pour servir de support à l'écriture Le parchemin
69%
Nom de famille de l'agronome français qui a popularisé la pomme de terre en France au XVIIIème siècle Parmentier
63%
Il permet de freiner le mouvement d'un objet ou d'un individu dans les airs Le parachute
60%
Film sud-coréen du réalisateur Bong Joon-ho ayant remporté la Palme d'or au Festival de Cannes en 2019 Parasite
55%
Spécialité de la ville de Grasse Le parfum
54%
Chanson interprétée par Dalida et Alain Delon en 1973 Paroles... Paroles...
51%
Course cycliste surnommée "l'enfer du Nord" Paris-Roubaix
50%
Titre phare des 2Be3 sorti en 1997 Partir un jour
50%
Se montrer ou agir avec ostentation et prétentieusement Parader
41%
Commune de Saône-et-Loire surnommée la cité "du Sacré Cœur", faisant partie des principaux lieux de pèlerinages en France Paray-le-Monial
15%
Sociologue italien qui a donné son nom à une loi, à un principe, affirmant que 80% des effets sont le produit de 20% des causes Pareto
15%
Aucun quiz correspondant
Distribution des résultats
% des personnes avec chaque résultat
Percentile par nombre de réponses
Votre historique - résultats
Vous n’avez pas pris ce quiz